[Event "VII Sunway Sitges Open 2020"]
[Site "Sitges"]
[Date "2020.12.22"]
[Round "9.22"]
[White "Alvarez Albiol, Victor"]
[Black "Siebrecht, Sebastian"]
[Result "0-1"]
[WhiteElo "2206"]
[BlackElo "2429"]
[Annotator "TA"]
[PlyCount "137"]
[EventDate "2020.12.13"]
[EventType "swiss"]
[EventCountry "ESP"]
[SourceTitle "playchess.com"]
[Source "ChessBase"]
[SourceQuality "1"]

{[%evp 12,137,48,54,52,26,45,43,44,37,54,51,40,36,81,98,88,100,102,95,82,-13,0,-40,-21,-17,-22,-68,-72,-84,-27,-29,-16,-112,-112,-110,-117,-112,-118,-118,-117,-197,-189,-200,-180,-198,-146,-141,-151,-451,-504,-508,-513,-504,-513,-506,-502,-487,-490,-485,-483,-439,-268,-484,-358,-645,-428,-620,-545,-536,-516,-632,-624,-649,0,-527,596,589,570,577,559,551,539,512,485,481,445,401,2439,2409,12835,12836,12836,12837,12845,12844,12845,12836,12846,12846,12846,12847,12847,12847,12847,12847,12848,12847,12848,12848,12849,12848,12850,29981,12851,29974,12851,29984,12851,29985,12851,29990,12851,29981,12851,29985,12851,12851]} 1. e4 c5 2. Nf3 e6 3. d4 cxd4 4. Nxd4 a6 5. Bd3 Bc5 6. Nb3 Be7 7. Qg4 Bf6 {[#] B42: Sicilian: Kan Variation: 5 Bd3.} 8. a4 $146 ({Predecessor:} 8. O-O Nc6 9. N1d2 Nge7 10. Qg3 O-O 11. Nc4 d5 12. e5 Nf5 13. Bxf5 Bh4 14. Bxh7+ Kxh7 15. Qd3+ {0-1 (39) Alekseev,E (2673)-Andreikin,D (2715) Moscow 2012}) 8... d6 9. Nc3 Ne7 {White is slightly better.} 10. O-O e5 11. Qe2 Be6 12. Bc4 Bxc4 13. Qxc4 Nbc6 14. Rd1 Rc8 15. Qe2 Nd4 {[#]} 16. Nxd4 ({Better is} 16. Qd3 $1 $16) 16... exd4 $11 17. Nb1 O-O 18. c3 Nc6 19. Bf4 Re8 $36 {[%mdl 2048] Black is really pushing.} 20. Qf3 Qb6 (20... Qe7 $17 21. Nd2 dxc3 22. bxc3 Ne5 23. Bxe5 Qxe5) 21. Nd2 $1 {[%cal Rd2c4] Black must now prevent Nc4.} Na5 {[%cal Rd4c3]} 22. b4 (22. cxd4 $11 {keeps the balance.} Bxd4 23. Rab1) 22... dxc3 $17 ({But not} 22... Rxc3 $6 23. bxa5 Rxf3 24. axb6 $14) 23. bxa5 Qxa5 {...c2 is the strong threat.} 24. Ra2 {With the idea Nf1.} cxd2 25. Bxd2 Qe5 26. Qb3 (26. g3 $17) 26... Qxe4 $19 27. g3 Bd4 28. a5 Re5 (28... Re6 $19 29. Re1 Qf5) 29. Bf4 $17 Rb5 30. Qa4 $2 {[#]} (30. Qd3 $17 Qe6 31. Re2) 30... Rc4 $1 $19 {[%mdl 512]} 31. Qxc4 Bxf2+ $1 {[%mdl 64] Discovered Attack} 32. Rxf2 Qxc4 33. Rc1 Qe6 34. Re2 Qd7 35. Rc7 Qd8 {aiming for ...g5.} 36. Ree7 g5 37. Be3 $2 (37. Rxf7 gxf4 38. Rg7+ Kf8 39. Rgf7+ Ke8 40. Rxh7) 37... Rf5 38. Bd4 $2 (38. g4 Rb5 39. Bd4) 38... h6 39. h3 (39. Rxb7 $142 Qf8 40. Re1) 39... Kh7 40. g4 Rf4 41. Bc3 Kg6 42. Re6+ Kh7 43. Ree7 Rf3 $4 {[%mdl 8192]} (43... Qg8 $19 {and all is fine.} 44. Rxb7 Kg6) 44. Rxf7+ $18 {Black is now going downhill.} Kg8 45. Rg7+ Kf8 {Hoping for ...Qe8.} 46. Rh7 {[%cal Rh7h8]} Qxc7 47. Rxc7 Rxh3 {[%mdl 4096] Endgame KRB-KR} 48. Kg2 Rh4 49. Kg3 h5 (49... Rh1 $142 50. Rxb7 Rg1+ 51. Kf3 Rf1+ 52. Ke4 Rf4+ 53. Kd5 Rxg4) 50. gxh5 Rxh5 51. Kg4 Rh1 52. Kxg5 Rb1 53. Kf6 {[%cal Rc7c8]} Ke8 54. Bd4 Rb4 55. Ke6 {[%cal Rc7c8]} Kd8 56. Bb6 {Rd7+! would kill now.} Re4+ 57. Kxd6 {Threatening mate with Re7+.} Ke8 58. Rxb7 Rh4 59. Re7+ Kf8 60. Ra7 Rh6+ 61. Kc5 {Cut Off at move 61} Ke8 62. Rxa6 Kd7 63. Ra7+ Kc8 64. Rg7 Rh5+ 65. Kc6 {[%cal Rg7g8]} Rh6+ 66. Kb5 Rh8 67. Ka6 Kb8 68. Rb7+ Ka8 69. Ra7+ {[%mdl 32768] Weighted Error Value: White=0.46/Black=0.24. Loss on time!?} 0-1

[Event "VII Sunway Sitges Open 2020"]
[Site "Sitges"]
[Date "2020.12.22"]
[Round "9.23"]
[White "Travadon, Loic"]
[Black "Garcia Gimenez, Santiago"]
[Result "1-0"]
[WhiteElo "2421"]
[BlackElo "2300"]
[Annotator "TA"]
[PlyCount "57"]
[EventDate "2020.12.13"]
[EventType "swiss"]
[EventCountry "ESP"]
[SourceTitle "playchess.com"]
[Source "ChessBase"]
[SourceQuality "1"]

{[%evp 11,57,27,33,0,5,0,0,0,0,0,25,-18,42,51,164,165,138,120,176,184,293,129,312,316,418,268,272,209,225,212,404,349,560,548,1072,1025,879,900,1907,1845,1742,1741,2425,2376,29992,29979,29993,29994]} 1. Nf3 Nf6 2. c4 g6 3. Nc3 d5 4. cxd5 Nxd5 5. e4 Nxc3 6. bxc3 Bg7 7. Rb1 $1 {[%mdl 4] outshines the older 7.d4. A16: English Opening: 1...Nf6 with ...d5.} O-O 8. h4 c5 9. h5 {The position is equal.} Nc6 10. Qe2 b6 11. Qe3 {[#] With the idea hxg6.} e6 $146 ({Black should try} 11... Qd6 $11) ({Predecessor:} 11... Qd6 12. hxg6 hxg6 13. Ng5 Ne5 14. f4 Ng4 15. Qh3 Nh6 16. Qg3 e5 17. d3 exf4 18. Bxf4 Qe7 19. Bd6 Qf6 20. e5 Re8 21. Be2 Qd8 22. Qh4 f6 23. Qc4+ {1-0 (23) Dubov,D (2699)-Svidler,P (2723) chess.com INT 2020}) 12. Bb5 $14 Bb7 {[#]} (12... Ne5 $14) 13. hxg6 $1 $18 hxg6 14. Ng5 Qe7 (14... Re8 $16) 15. Qh3 {[%csl Gg5,Gh1][%cal Rh3h7]} Rfd8 {[#]} (15... Rfc8 {keeps fighting.}) 16. f4 ({Not} 16. Bxc6 Bxc6 17. d4 Qb7 $14) (16. d4 $1 $18 {and the rest is easy.}) 16... Rac8 $2 {This costs Black the game.} (16... Kf8 $16) 17. O-O ({Weaker is} 17. Bxc6 Bxc6 18. d4 Kf8 $11) 17... a6 18. Be2 b5 19. d3 Rc7 20. Be3 Rcd7 $2 (20... Kf8 21. e5 Ke8) 21. Rbd1 Re8 $2 (21... b4 22. f5 exf5 23. exf5 Bh6) 22. g4 b4 23. f5 exf5 24. gxf5 {Threatens to win with Qh7+.} bxc3 25. fxg6 f6 26. Bg4 Rd6 27. Nf7 {Intending Qh7+ and mate.} Rd4 28. Qh7+ Kf8 29. Bh6 {Weighted Error Value: White=0.29/Black=1.00} 1-0

[Event "VII Sunway Sitges Open 2020"]
[Site "Sitges"]
[Date "2020.12.22"]
[Round "9.24"]
[White "Ortega Ruiz, Jose Miguel"]
[Black "Vlachos, Anatole"]
[Result "1/2-1/2"]
[WhiteElo "2251"]
[BlackElo "2413"]
[Annotator "TA"]
[PlyCount "74"]
[EventDate "2020.12.13"]
[EventType "swiss"]
[EventCountry "ESP"]
[SourceTitle "playchess.com"]
[Source "ChessBase"]
[SourceQuality "1"]

{[%evp 13,74,44,54,17,62,34,53,52,68,23,25,25,25,24,29,16,0,7,11,0,0,0,26,0,0,0,0,0,0,0,0,0,0,0,23,8,20,-7,0,0,0,0,0,0,0,0,16,22,35,35,28,10,10,11,34,0,32,0,0,0,0,0,0]} 1. d4 f5 2. g3 Nf6 3. Bg2 e6 4. Nf3 Be7 5. O-O O-O 6. c4 d6 7. Nc3 Ne4 8. Rb1 {A96: Classical Dutch: Fluid Systems: Early deviations.} Bf6 9. Qd3 Nxc3 10. bxc3 {[#] White is slightly better.} Nc6 $146 ({Predecessor:} 10... e5 11. e4 g6 12. Bh6 Re8 13. Qd2 fxe4 14. Ng5 Bxg5 15. Bxg5 Qd7 16. Bxe4 c6 {1-0 (26) Magalhaes,M (1742)-Walsh,K (1722) IECC email 2011}) 11. d5 exd5 12. cxd5 Ne5 13. Nxe5 Bxe5 14. f4 Bf6 15. e4 g6 16. c4 fxe4 17. Bxe4 b6 18. h4 Qe7 {With the idea ...Re8.} 19. Bd2 Bh3 20. Rfe1 Qg7 (20... Qf7 {is interesting.} 21. Kh2 Bd7 22. Bg2 Rae8 23. Bh3 Bxh3 24. Kxh3 h5) 21. Kh2 Bd7 22. Bg2 Rae8 23. Bh3 Bxh3 24. Kxh3 Qd7+ 25. Kh2 Qg4 26. Re4 Rxe4 27. Qxe4 Rf7 {[#] ...Re7 is the strong threat.} 28. Qe8+ Kg7 {Hoping for ...Re7.} 29. Re1 Qf3 {aiming for ...Qf2+.} 30. Qe3 Qg4 31. Bc3 Qf5 {And now ...Qc2+ would win.} 32. Bxf6+ Qxf6 $11 {KQR-KQR} 33. Qe8 h5 34. Re2 a6 35. a4 Qc3 {The position is equal.} 36. Re7 Qc2+ 37. Kh3 Qf5+ {Weighted Error Value: White=0.10/Black=0.08} 1/2-1/2

[Event "VII Sunway Sitges Open 2020"]
[Site "Sitges"]
[Date "2020.12.22"]
[Round "9.25"]
[White "Valenzuela Gomez, Fernando"]
[Black "Degardin, Sylvain"]
[Result "1/2-1/2"]
[WhiteElo "2390"]
[BlackElo "2209"]
[Annotator "TA"]
[PlyCount "128"]
[EventDate "2020.12.13"]
[EventType "swiss"]
[EventCountry "ESP"]
[SourceTitle "playchess.com"]
[Source "ChessBase"]
[SourceQuality "1"]

{[%evp 15,128,26,16,18,29,10,54,35,87,80,79,79,83,81,70,59,81,59,95,91,97,96,103,82,84,72,90,83,98,74,103,83,77,66,108,108,108,70,79,60,68,77,83,61,61,46,36,27,18,21,37,20,108,105,83,0,0,0,0,-141,0,-366,-129,-115,-54,-83,-30,-207,-24,-24,-24,-24,0,0,0,0,0,0,8,0,0,0,9,0,0,0,0,0,8,0,0,0,0,0,0,0,0,0,0,0,0,0,0,0,0,0,0,0,0,0,0,0,0,0,0]} 1. Nf3 Nf6 2. c4 e6 3. d4 b6 4. Nc3 Bb4 5. Bd2 Bb7 6. e3 O-O 7. Bd3 Bxc3 8. Bxc3 Ne4 9. Bxe4 {E21: Nimzo-Indian: 4 Nf3.} Bxe4 10. d5 c5 {10...f6 injects fresh life into this line.} 11. Nd2 $1 {[%cal Rd2e4] [#] White is slightly better.} exd5 $146 (11... Bg6 $14) ({Predecessor:} 11... Bg6 12. h4 exd5 13. cxd5 h6 14. Qg4 h5 15. Qf3 Qe8 16. g4 f6 17. Rg1 Na6 {1-0 (25) Bluebaum,M (2619)-Zysk,R (2404) Zuerich 2019}) 12. Nxe4 $16 dxe4 {[#]} 13. Qg4 $1 {[%csl Gc3][%cal Rg4g7][%mdl 512]} f6 14. Qxe4 Nc6 15. Rd1 Rf7 16. Rd6 Qe7 17. Qd5 Re8 18. O-O Nb8 19. b3 Qe4 20. Qd2 Re6 21. Rd3 Rfe7 22. f3 Qc6 23. a4 d6 24. e4 Qc7 25. Rd1 Rd7 26. Re3 Qc6 27. Qe2 Rde7 28. Rd5 Na6 29. Be1 Qe8 30. h3 Nc7 31. Rd1 f5 {[%cal Rf5e4]} 32. Bh4 Rd7 33. Bg3 g5 (33... Qg6 $11 34. Bf4 fxe4 35. Rxe4 Rxe4 36. Qxe4 Qxe4 37. fxe4 Ne8) 34. Red3 {[%cal Rd3d6]} fxe4 35. fxe4 (35. Rxd6 $16 Rexd6 36. Rxd6) 35... Rxe4 $11 36. Qd2 Ne6 37. Bxd6 (37. Rxd6 $11 Rd4 38. Qe1 R7xd6 39. Bxd6) 37... Qg6 (37... h6 $1 $17 38. Rd5 Nd4) 38. Kh2 $2 {[%mdl 8192]} (38. Rd5 $11 {and White stays safe.}) 38... Nd4 $2 (38... Rd4 $1 $19 {has better winning chances.} 39. Rxd4 Nxd4) 39. Bg3 $17 Rde7 ({Black should play} 39... g4 $17 {Strongly threatening ...gxh3.} 40. h4 Nxb3 $1 {[%mdl 576] Discovered Attack} 41. Rxd7 Nxd2 42. R1xd2 Rd4 $1 {[%mdl 512]} 43. R2xd4 cxd4 44. Rd8+ Kf7 45. Rxd4 Ke8) 40. Qc3 Qf6 ({Black should try} 40... Qf5 $17 41. Rxd4 cxd4 42. Rxd4 Re3 43. Rd8+ Kf7) 41. R1d2 $2 {[#]} (41. Qc1 $11) 41... Re2 $2 (41... h5 $1 $19 {[%cal Rh5h4]} 42. Rf2 Qg6) 42. Rxe2 $11 Rxe2 43. Re3 {Hoping for Rxe2.} Qf1 {[%csl Gf1][%cal Re2g2]} 44. Rxe2 {The position is equal.} Qxe2 45. Bb8 Qe7 46. Qg3 h5 47. Qd3 {And now Qg6+ would win.} Kg7 48. b4 g4 49. bxc5 bxc5 50. Qg3 Nf5 51. Qc3+ Nd4 52. Qa5 (52. hxg4 {keeps more tension.} hxg4 53. Qg3 Qg5 54. Qc7+ Kf8 55. Qf4+) 52... Nc6 53. Qc7 Qxc7+ 54. Bxc7 {[%mdl 4096] Endgame KB-KN} Kg6 55. Bd6 Na5 56. Bxc5 a6 57. Kg3 gxh3 58. gxh3 Kf5 59. Kh4 Kg6 60. Kg3 Kf5 $1 61. Kf3 Nxc4 62. Bd4 Nd6 63. Bf2 Ne4 64. Be3 Ke5 {Weighted Error Value: White=0.29/Black=0.26} 1/2-1/2

[Event "VII Sunway Sitges Open 2020"]
[Site "Sitges"]
[Date "2020.12.22"]
[Round "9.26"]
[White "Lin, Yingrui"]
[Black "Jimenez Ruano, Adrian"]
[Result "1-0"]
[WhiteElo "2399"]
[BlackElo "2279"]
[Annotator "TA"]
[PlyCount "144"]
[EventDate "2020.12.13"]
[EventType "swiss"]
[EventCountry "ESP"]
[SourceTitle "playchess.com"]
[Source "ChessBase"]
[SourceQuality "1"]

{[%evp 16,144,0,-19,-44,-90,-91,-88,-74,-81,-71,-72,-72,-78,-87,-91,-93,-133,-150,-167,-131,-152,-97,-108,0,0,164,158,156,157,156,156,259,256,311,309,308,308,309,309,280,291,402,402,404,402,351,217,241,217,217,217,217,215,210,210,203,198,194,180,172,124,198,193,210,212,193,-167,-133,-152,-239,-258,-105,-199,-59,-283,-290,-263,-242,-284,-257,-679,-682,-752,-727,-1427,-1340,-1349,-1286,-29949,-29955,-6003,-5476,-4562,-2025,-29974,-29975,-29974,-29974,-29974,-29975,-29984,-29985,-29984,-29985,-29985,-29986,-29987,-29987,-29989,-29990,-29992,-29991,-29992,-29992,-29992,-29990,-29990,-29991,-29991,-29992,-29992,-29992,-29993,-29994,-29994,-29990,-29997,-29998,-29998,-29999]} 1. d4 Nf6 2. c4 e6 3. Nc3 Bb4 4. e3 O-O 5. Nf3 d5 6. a3 Bxc3+ 7. bxc3 c5 8. cxd5 {8.Bb2 is setting a new trend.} exd5 9. Bd3 c4 {E51: Nimzo-Indian: Rubinstein: 4...0-0 5 Nf3 d5.} 10. Be2 Ne4 {[#]} 11. Bb2 $146 ({Predecessor:} 11. Bd2 Bf5 12. O-O Nc6 13. Be1 Na5 14. h3 Nb3 15. Ra2 h6 16. Ne5 Nd6 17. f3 {½-½ (42) Curtis,R (2045)-Smith,R (2275) Melbourne 1996}) 11... Qb6 {Black is better.} 12. Qc1 Qg6 13. O-O Nc6 14. Kh1 Re8 15. Nd2 Na5 {aiming for ...Nxd2.} 16. Bd1 Bf5 17. Nf3 Qf6 18. a4 Bg4 (18... Nb3 $142 19. Bxb3 cxb3) 19. Nd2 $17 {[#]} Nxf2+ (19... Qxf2 $1 $17 {[%mdl 512]} 20. Rxf2 Nxf2+ {[%mdl 64] Discovered Attack} 21. Kg1 Nxd1) 20. Kg1 $11 Nxd1 $2 (20... Bxd1 $11 21. Rxf2 Qb6) 21. Rxf6 $18 gxf6 22. h3 Be2 {[#]} 23. Nf1 $1 Nb3 (23... Re4 $16 24. Qd2 Bxf1) 24. Qc2 $1 {[%csl LRd1,LRe2]} Nxa1 25. Qxe2 Nxb2 26. Qxb2 Nb3 27. Qf2 Re6 28. Ng3 Kf8 29. Nf5 Ke8 30. Qg3 {Threatening mate with Qg8+.} Kd7 {[#]} 31. Qg7 $1 {[%mdl 576] Double Attack} Rae8 32. Qxf7+ Kc6 33. Ng7 ({But not} 33. Qxh7 $6 Nd2) 33... R8e7 34. Qg8 Rxe3 35. Qc8+ Kb6 36. Qd8+ {[%mdl 1024] White has strong compensation.} Kc6 {[#]} 37. Nf5 $1 {[%csl Gf5][%cal Rd8d6][%mdl 512]} Re1+ 38. Kh2 {[%csl Gf5][%cal Rd8d6]} R7e6 (38... Rd7 $16 39. Qxf6+ Kc7) 39. Qc8+ Kb6 40. Qd7 {Intending Nd6 and mate.} Nd2 {White must now prevent ...Nf1+.} 41. Kg3 $4 {[%mdl 8192]} ({Don't blunder} 41. Qxd5 $2 Nf1+ 42. Kg1 Ne3+ 43. Kf2 Nxd5 $19) (41. h4 $18 {And now Nd6 would win.} h5 42. Ng3 (42. Qxd5 Nf1+ 43. Kh3 Kc7 $11)) 41... Ne4+ $19 {[%mdl 64] Double Attack} 42. Kg4 Nxc3 43. Nd6 Rxd6 (43... Ka5 $19 {has better winning chances.} 44. Kh5 R1e2) 44. Qxd6+ {[%mdl 4096] Endgame KQ-KRN} Ka5 45. Qc7+ $2 {This move loses the game for White.} ({White has to play} 45. Qd7 $1 $15) 45... Kxa4 46. Qxb7 Re4+ 47. Kf5 Nb5 {( -> ...Nd6+)} 48. Qxd5 $2 (48. Kxf6 Rxd4 49. Qxh7) 48... Rxd4 49. Qc5 c3 50. g4 a6 51. Qc6 Kb4 52. Qxa6 c2 53. Qa1 Rc4 54. Qb2+ Ka4 55. Qc1 Nd4+ {Black mates.} 56. Kxf6 Nb3 57. Qe3 c1=Q 58. Qe8+ Rc6+ 59. Kg7 Qh6+ 60. Kh8 Qg6 61. Qd7 {Cut Off at move 61} Kb5 62. Qb7+ Kc4 63. g5 Qe6 64. h4 Nc5 65. Qg7 Rd6 66. Qf8 Qe5+ 67. Kg8 Qd5+ 68. Kxh7 Qd3+ 69. g6 Qxg6+ 70. Kh8 {[#]} Qh6+ $1 71. Kg8 Rg6+ 72. Kf7 Rf6+ {[%mdl 32832] Skewer.  Weighted Error Value: White=0.68/Black=0.22. Loss on time!?} 1-0

[Event "VII Sunway Sitges Open 2020"]
[Site "Sitges"]
[Date "2020.12.22"]
[Round "9.27"]
[White "Garcia Ramos, Daniel"]
[Black "Bin-Suhayl, Ieysaa"]
[Result "1-0"]
[WhiteElo "2380"]
[BlackElo "2193"]
[Annotator "TA"]
[PlyCount "93"]
[EventDate "2020.12.13"]
[EventType "swiss"]
[EventCountry "ESP"]
[SourceTitle "playchess.com"]
[Source "ChessBase"]
[SourceQuality "1"]

{[%evp 16,93,22,5,31,24,28,19,35,41,33,29,39,22,59,59,69,64,63,62,40,49,60,52,158,152,164,157,186,179,195,171,217,205,204,146,160,131,127,122,135,84,139,127,124,125,122,15,27,15,43,29,16,23,18,20,428,414,413,460,450,469,478,522,439,404,380,372,543,431,1020,1002,1045,982,1315,1186,1309,1232,2735,2138]} 1. e4 e6 2. d4 d5 3. Nc3 Nf6 4. e5 Nfd7 5. f4 c5 6. Nf3 Nc6 7. Be3 a6 8. Qd2 b5 9. Be2 Qa5 {9...Be7 is a critical line. C11: French: Classical System: 4 e5 and 4 Bg5 dxe4.} 10. O-O b4 11. Nd1 cxd4 {The position is equal.} 12. Nxd4 Nxd4 13. Bxd4 Bc5 {[#]} 14. Nf2 $146 ({Predecessor:} 14. a3 Rb8 15. Nf2 O-O 16. b3 Bxd4 17. Qxd4 bxa3 18. Nd3 f5 19. Ra2 Bb7 20. b4 {½-½ (31) Zaitsev,I (2421)-Kapeljus,L (2335) Lesnoj Gorodok 2009}) 14... Bxd4 15. Qxd4 Qb6 16. Qxb6 Nxb6 17. a3 bxa3 18. Rxa3 a5 19. Rb3 Na4 ({Better is} 19... Nc4 $14) 20. Ra1 $16 Nc5 21. Rba3 Nb7 22. b4 {[%cal Bb2b4,Bb4a5,Ba5a6][%mdl 32]} Ke7 23. bxa5 Bd7 24. a6 Nc5 25. Rc3 Rhc8 {intending ...Nxa6.} 26. a7 Kd8 27. Rg3 g6 28. Rh3 (28. Rga3 $142) 28... h5 (28... Rc7 $142) 29. g4 hxg4 30. Nxg4 Ke7 31. Rh7 (31. Rha3 $16) 31... Rc7 $11 32. Nh6 $36 {[%mdl 2048] White has good play.} Raxa7 33. Rxa7 Rxa7 34. Nxf7 Ra1+ $1 35. Kf2 {Black must now prevent Bd3.} Ba4 $2 {[%mdl 8192] Loses the game.} (35... Ra2 $1 $11 {and Black stays safe.}) 36. Nd6+ $18 Kd8 37. Ra7 Ra2 {[#]} 38. Ra5 $1 Ne4+ 39. Nxe4 dxe4 {[%mdl 4096] Endgame KRB-KRB} 40. Ke3 Ra3+ 41. Kd4 Kc7 (41... Ra1 $142 42. Ra8+ Ke7 43. Ra7+ Kf8) 42. c3 {White is clearly winning.} Kb7 {[#]} (42... Ra1 $142 43. Ra7+ Kd8) 43. Bd1 $1 {[%mdl 512]} e3 (43... Bxd1 44. Rxa3) 44. Kxe3 ({Weaker is} 44. Bxa4 e2 $16) ({And not} 44. Rxa4 Rxa4+ 45. Kxe3 (45. Bxa4 $2 {too greedy.} e2 $19) 45... Rc4 $11) 44... Rxc3+ 45. Kd2 Rh3 46. Rxa4 Rxh2+ 47. Ke3 {Weighted Error Value: White=0.18/Black=0.33} 1-0

[Event "VII Sunway Sitges Open 2020"]
[Site "Sitges"]
[Date "2020.12.22"]
[Round "9.28"]
[White "Eizaguerri Floris, Maria"]
[Black "Ootes, Lars"]
[Result "0-1"]
[WhiteElo "2167"]
[BlackElo "2373"]
[Annotator "TA"]
[PlyCount "62"]
[EventDate "2020.12.13"]
[EventType "swiss"]
[EventCountry "ESP"]
[SourceTitle "playchess.com"]
[Source "ChessBase"]
[SourceQuality "1"]

{[%evp 11,62,44,47,43,51,50,97,83,125,113,114,110,133,72,81,56,39,0,0,-164,-8,-7,0,-125,-117,-339,-354,-741,-749,-1139,-1130,-1287,-1206,-2555,-2429,-29981,-29982,-29983,-29984,-29984,-29985,-29984,-29985,-29987,-29988,-29988,-29971,-29979,-6325,-29990,-29991,-29991,-29992]} 1. e4 d6 2. d4 Nf6 3. Nc3 g6 4. Bg5 c6 5. Qd2 b5 6. Bd3 Bg7 7. Bh6 {B07: Pirc Defence: Miscellaneous Systems.} Bxh6 8. Qxh6 b4 9. Nce2 {[#] White is better.} e5 $146 ({Predecessor:} 9... Nbd7 10. O-O-O Qa5 11. Kb1 Ba6 12. Nf3 Nxe4 13. Bxe4 Bxe2 14. Bxc6 Rc8 15. Bxd7+ Kxd7 16. Rde1 Rxc2 17. Kxc2 Qf5+ 18. Kd2 Qd3+ 19. Kc1 Rc8# {0-1 (19) Tologontegin,S (2358)-Guseinov,G (2665) chess.com INT 2020}) 10. dxe5 dxe5 11. Nf3 Nbd7 12. Bc4 ({White should try} 12. a3) 12... Nxe4 13. O-O-O {Ng3 is the strong threat.} ({But not} 13. Qg7 $6 Qf6 $11) 13... Qf6 14. Ng3 Nxf2 {[%mdl 64] Strongly threatening ...Qf4+. Double Attack} 15. Rhf1 $2 (15. Ng5 $1 $11 {and White has nothing to worry.} Qf4+ {[%mdl 64] Double Attack} 16. Rd2 Qxc4 17. Rxf2) 15... Ng4 $2 (15... Nxd1 $19 16. Kxd1 Qf4) 16. Qd2 $11 {Threatens to win with Ng5.} Qf4 $1 {[%cal Rf4c4]} 17. Bxf7+ (17. Ne4 $11 {keeps the balance.}) 17... Qxf7 $17 18. Ng5 $2 {This costs White the game.} (18. h3 $17 {was forced.}) 18... Qxa2 $19 {[%cal Ra2a1]} 19. Qd6 $2 (19. Qd3 Qa1+ 20. Kd2 Qxb2 21. N3e4) 19... Ne3 {[%mdl 64] Hoping for ...Nc4! Double Attack} 20. Qxc6 {[#]} Nc4 $1 {[%csl Gc4][%cal Ra2b2][%mdl 512]} 21. Qe6+ Kd8 {[%csl Gc4][%cal Ra2b2]} 22. Qf6+ {[#]} Kc7 $1 {[%csl Gc4][%cal Ra2b2]} 23. Rxd7+ Bxd7 {[%cal Ra2a1]} 24. Ne6+ Bxe6 {[%cal Ra2a1]} 25. Qe7+ Bd7 {[%cal Ra2a1]} 26. Qc5+ Kd8 {[%cal Ra2a1]} 27. Rf8+ Rxf8 28. Qxf8+ Be8 {[%cal Ra2a1]} 29. Qf6+ Kd7 (29... Kc7 $142 30. Qe7+ Kb6 31. Qe6+ Bc6 32. Qxc4 Qxc4 33. b3 {[#]} Qc3 $1 {[%mdl 512]} 34. Ne2 Qe1+ 35. Kb2 Qxe2 36. g3 Be4 37. h4 Qxc2+ 38. Ka1 Qb1#) 30. Qg7+ Ke6 {[%cal Ra2a1]} 31. Qg8+ Bf7 {Accuracy: White = 39%, Black = 50%.} 0-1

[Event "VII Sunway Sitges Open 2020"]
[Site "Sitges"]
[Date "2020.12.22"]
[Round "9.29"]
[White "Mayrhuber, Nikola"]
[Black "Odnorozhenko, Evgenyi"]
[Result "0-1"]
[WhiteElo "1998"]
[BlackElo "2170"]
[Annotator "TA"]
[PlyCount "68"]
[EventDate "2020.12.13"]
[EventType "swiss"]
[EventCountry "ESP"]
[SourceTitle "playchess.com"]
[Source "ChessBase"]
[SourceQuality "1"]

{[%evp 11,67,0,27,-1,7,10,10,0,4,0,5,-34,-31,-76,-77,-116,-92,-145,-142,-144,-60,-75,-82,-78,-45,-53,-47,-54,-46,-112,-38,-159,-128,-152,-134,-129,-108,-185,-182,-460,-441,-604,-595,-626,-621,-613,-613,-29990,-29991,-29991,-12839,-12840,-12839,-29997,-29998,-29998,-29999,-29999]} 1. d4 d5 2. c4 e6 3. g3 Nf6 4. Bg2 dxc4 5. Nf3 a6 6. Ne5 c5 7. e3 {Recently 7.Be3 got a lot of attention. E04: Open Catalan: 5 Nf3.} cxd4 8. exd4 Bb4+ 9. Nc3 {Hoping for Qa4+.The position is equal.} O-O $132 {[%mdl 2048] [#] Black has counterplay} 10. Bg5 $146 ({Predecessor:} 10. O-O Nd5 11. Nxc4 Bxc3 12. bxc3 b5 13. Ne5 Ra7 14. Ba3 Re8 15. Qb3 Rc7 16. c4 {1-0 (32) Markus,R (2550)-Portisch,L (2543) Hungary 2004}) 10... h6 11. h4 (11. Bxf6 $5 Qxf6 12. a3 Bxc3+ 13. bxc3 $14) 11... Nc6 ({Much worse is} 11... hxg5 $6 12. hxg5 Nbd7 13. gxf6 $16) 12. Nxc6 bxc6 13. Bxc6 Rb8 $1 14. Kf1 (14. Bxf6 $142 Qxf6 15. Qf3) 14... Be7 $1 $17 ({But not} 14... hxg5 15. hxg5 g6 16. gxf6 $15) 15. Rb1 Bb7 (15... hxg5 16. hxg5 g6 17. gxf6 $17) (15... Rb6 $17 16. Bg2 Qd7) 16. Bxb7 $15 Rxb7 17. Qf3 Rd7 18. Be3 Nd5 19. Kg2 Qa5 20. Ne4 {Black converts the advantage convincingly.} (20. Rhd1 $15) 20... f5 {[#]} (20... Qxa2 $17 {Threatens to win with ...Rb8.} 21. Nc3 Qb3) 21. Nc5 ({White should play} 21. Nc3 $1 $15 {[%mdl 512]}) 21... Bxc5 $17 22. dxc5 {[#]} f4 $1 {[%cal Rf4e3]} ({Don't do} 22... Qxa2 23. Bd4 $15) 23. gxf4 Rdf7 {[%cal Rd5f4]} 24. Qe4 (24. Rhg1 $17) 24... Nxf4+ $19 25. Kf1 $2 (25. Kh2) 25... Nd3 {[%cal Rd3f2]} 26. Qxe6 Kh8 27. Rh2 Qxa2 {[%mdl 64] Double Attack} 28. Rd1 Qxb2 29. Rd2 Qb1+ 30. Kg2 {[#]} Rxf2+ $1 {[%mdl 512]} 31. Rxf2 Rxf2+ 32. Kh3 Qf1+ {Black mates.} 33. Kg4 Qe2+ 34. Kg3 Qf3# {Weighted Error Value: White=0.82/Black=0.24} 0-1